[Event "Verbandsliga Sued Baden 1314"]
[Site "Germany"]
[Date "2014.02.02"]
[Round "5.2"]
[White "Perez, Jose"]
[Black "Schulz, Vladimir"]
[Result "1-0"]
[WhiteElo "2184"]
[BlackElo "2143"]
[PlyCount "103"]
[EventDate "2013.10.20"]
[EventType "team-tourn"]
[EventRounds "9"]
[EventCountry "GER"]
[SourceTitle "EXT 2015"]
[Source "ChessBase"]
[SourceDate "2014.11.20"]
[SourceVersion "1"]
[SourceVersionDate "2014.11.20"]
[SourceQuality "1"]
[WhiteTeam "Horben"]
[BlackTeam "Offenburg"]
[WhiteTeamCountry "GER"]
[BlackTeamCountry "GER"]

1. d4 Nf6 2. c4 e6 3. Nc3 d5 4. cxd5 exd5 5. Bg5 Be7 6. Qc2 c6 7. e3 Bg4 8. Bd3 Bh5 9. Rb1 Bg6 10. b4 b5 11. Bxf6 Bxf6 12. a4 a6 13. Nge2 Bxd3 14. Qxd3 Nd7 15. a5 Be7 16. 0-0 0-0 17. Rfc1 f5 18. Rc2 Bd6 19. g3 Qe7 20. Na2 Rac8 21. Qb3 Nb8 22. Nec1 f4 23. gxf4 g5 24. f3 gxf4 25. e4 Kh8 26. e5 Rg8+ 27. Kh1 Qg5 28. Nd3 Qh5 29. Nxf4 Qf5 30. Ne2 Be7 31. Rg1 Bg5 32. Rg4 Be3 33. Qxe3 Rxg4 34. Rd2 Qb1+ 35. Nac1 Rg7 36. f4 Qxb4 37. f5 Rg4 38. Ng3 c5 39. e6 cxd4 40. Qe5+ Kg8 41. Rd1 Nc6 42. Qe2 Rxg3 43. hxg3 Qe7 44. Nb3 Qg7 45. Qf2 Ne5 46. Qf4 Rc3 47. f6 Qc7 48. Nxd4 Ng6 49. f7+ Kf8 50. Qh6+ Ke7 51. Nf5+ Kxe6 52. f8Q 1-0

[Event "Verbandsliga Sued Baden 1314"]
[Site "Germany"]
[Date "2013.11.17"]
[Round "2.2"]
[White "Perez, Jose"]
[Black "Kelecevic, Nedeljko"]
[Result "1/2-1/2"]
[WhiteElo "2184"]
[BlackElo "2232"]
[PlyCount "95"]
[EventDate "2013.10.20"]
[EventType "team-tourn"]
[EventRounds "9"]
[EventCountry "GER"]
[SourceTitle "EXT 2015"]
[Source "ChessBase"]
[SourceDate "2014.11.20"]
[SourceVersion "1"]
[SourceVersionDate "2014.11.20"]
[SourceQuality "1"]
[WhiteTeam "Horben"]
[BlackTeam "Konstanz"]
[WhiteTeamCountry "GER"]
[BlackTeamCountry "GER"]

1. d4 e6 2. c4 Nf6 3. Nc3 Bb4 4. Qc2 d5 5. cxd5 Qxd5 6. Nf3 Qf5 7. Qxf5 exf5 8. Bf4 c6 9. a3 Be7 10. e3 Nbd7 11. Bc4 Nb6 12. Bb3 Nfd5 13. Nxd5 Nxd5 14. Bxd5 cxd5 15. Rc1 f6 16. Rc7 g5 17. Bg3 Bd8 18. Rc5 Be6 19. h4 g4 20. Nd2 Bb6 21. Rc2 Kd7 22. 0-0 Rhc8 23. Rfc1 Rxc2 24. Rxc2 Bd8 25. Nb3 b6 26. Nc1 Rc8 27. Rxc8 Kxc8 28. Bd6 Kd7 29. Bb8 Kc8 30. Bf4 Be7 31. Ne2 Bf8 32. Kf1 Kd7 33. Ke1 b5 34. Kd2 a5 35. Kc3 b4+ 36. axb4 Bxb4+ 37. Kb3 Kc6 38. Nc1 Bc8 39. Nd3 Bf8 40. Bb8 Ba6 41. Nf4 Bb4 42. Nh5 Bd3 43. Ka2 Be7 44. Nf4 Bf1 45. Kb1 Bb4 46. Nh5 Be7 47. Nf4 Bb4 48. Nh5 1/2-1/2

[Event "Verbandsliga Sued Baden 1112"]
[Site "Germany"]
[Date "2012.03.04"]
[Round "7.1"]
[White "Perez, Jose"]
[Black "Merkel, Markus"]
[Result "1/2-1/2"]
[WhiteElo "2242"]
[BlackElo "2145"]
[PlyCount "100"]
[EventDate "2011.10.09"]
[EventType "team-tourn"]
[EventRounds "9"]
[EventCountry "GER"]
[SourceTitle "EXT 2013"]
[Source "ChessBase"]
[SourceDate "2012.11.22"]
[SourceVersion "1"]
[SourceVersionDate "2012.11.22"]
[SourceQuality "1"]
[WhiteTeam "Horben"]
[BlackTeam "Iffezheim"]
[WhiteTeamCountry "GER"]
[BlackTeamCountry "GER"]

1. d4 d6 2. Nf3 Bg4 3. e4 e6 4. Bb5+ c6 5. Bd3 d5 6. c3 Nf6 7. e5 Nfd7 8. 0-0 c5 9. Be3 Nc6 10. Nbd2 Be7 11. Rc1 Qb6 12. Qa4 c4 13. Bb1 Qxb2 14. h3 Bh5 15. g4 Nb6 16. Qd1 Bg6 17. Bxg6 hxg6 18. Rc2 Qa3 19. Kg2 Qa5 20. Bg5 Na4 21. Bxe7 Kxe7 22. Qc1 b5 23. a3 Qc7 24. Re1 Kd7 25. Ng5 Raf8 26. f4 a5 27. Nb1 Qd8 28. Rf2 Qe7 29. Qe3 b4 30. axb4 axb4 31. Ra2 Ra8 32. Rf2 Nxc3 33. Nxc3 bxc3 34. f5 gxf5 35. gxf5 Rhf8 36. Ref1 Nd8 37. fxe6+ Kc6 38. exf7 Ne6 39. Rf6 gxf6 40. Rxf6 Qxf6 41. exf6 Nxg5 42. Qxg5 c2 43. Qe3 Rad8 44. Qa3 Rxf7 45. Qc5+ Kb7 46. Qb5+ Kc8 47. Qc6+ Kb8 48. Qb6+ Kc8 49. Qc6+ Kb8 50. Qb6+ Kc8 1/2-1/2

[Event "Verbandsliga Sued Baden 1011"]
[Site "Baden"]
[Date "2011.03.13"]
[Round "7.4"]
[White "Adler, Heiko"]
[Black "Perez, Jose"]
[Result "1/2-1/2"]
[WhiteElo "2074"]
[BlackElo "2226"]
[PlyCount "128"]
[EventDate "2010.10.17"]
[EventType "team-tourn"]
[EventRounds "9"]
[EventCountry "GER"]
[SourceTitle "EXT 2012"]
[Source "ChessBase"]
[SourceDate "2011.11.24"]
[SourceVersion "1"]
[SourceVersionDate "2011.11.24"]
[SourceQuality "1"]
[WhiteTeam "Oberwinden"]
[BlackTeam "Horben"]
[WhiteTeamCountry "GER"]
[BlackTeamCountry "GER"]

1. e4 c5 2. Nc3 Nc6 3. Nf3 d6 4. g3 g6 5. Bg2 Bg7 6. 0-0 e6 7. Re1 Nge7 8. Ne2 d5 9. exd5 Nxd5 10. d4 cxd4 11. Nexd4 Nxd4 12. Nxd4 0-0 13. Nf3 Qc7 14. Qe2 Rd8 15. Rb1 b5 16. Qxb5 Rb8 17. Qa4 Rb4 18. Qa3 Qxc2 19. Bg5 f6 20. Qa5 Rf8 21. Bd2 Ra4 22. Qb5 Rxa2 23. Rec1 Qa4 24. Qe2 Qa6 25. Qe1 f5 26. Ne5 Qd6 27. f4 Bxe5 28. Qxe5 Qxe5 29. fxe5 Bb7 30. Bf1 Nb6 31. Ra1 Rxa1 32. Rxa1 Ra8 33. Bb4 Bd5 34. Bc5 g5 35. b4 Kf7 36. Kf2 Kg6 37. Bd3 h5 38. h3 Bc6 39. Be2 Be4 40. Ra3 Nd5 41. Bc4 g4 42. h4 f4 43. gxf4 Nxf4 44. Rxa7 Rxa7 45. Bxa7 Kf5 46. Kg3 Bd3 47. Bb3 Ne2+ 48. Kf2 g3+ 49. Kf3 Kxe5 50. Bb8+ Kf5 51. Bxg3 e5 52. Bf7 Nd4+ 53. Ke3 Be2 54. b5 Kf6 55. Be8 Bxb5 56. Bxh5 Nf5+ 57. Kf2 e4 58. Bc7 e3+ 59. Ke1 Nd4 60. Bb6 Nf5 61. Bg4 Bd3 62. Bxf5 Bxf5 63. Bxe3 Bh7 64. Kf2 Bb1 1/2-1/2

[Event "Verbandsliga Sued Baden 1011"]
[Site "Baden"]
[Date "2010.12.12"]
[Round "4.4"]
[White "Perez, Jose"]
[Black "Wiechert, Hans"]
[Result "1/2-1/2"]
[WhiteElo "2168"]
[BlackElo "2271"]
[PlyCount "164"]
[EventDate "2010.10.17"]
[EventType "team-tourn"]
[EventRounds "9"]
[EventCountry "GER"]
[SourceTitle "EXT 2012"]
[Source "ChessBase"]
[SourceDate "2011.11.24"]
[SourceVersion "1"]
[SourceVersionDate "2011.11.24"]
[SourceQuality "1"]
[WhiteTeam "Horben"]
[BlackTeam "Kuppenheim"]
[WhiteTeamCountry "GER"]
[BlackTeamCountry "GER"]

1. d4 Nf6 2. c4 e6 3. Nc3 Bb4 4. Qc2 c5 5. e3 cxd4 6. exd4 d5 7. Nf3 0-0 8. Bg5 b6 9. cxd5 exd5 10. Be2 Bg4 11. 0-0 Be7 12. Qb3 Nc6 13. Bxf6 Bxf6 14. Qxd5 Rc8 15. Rad1 Bxf3 16. Bxf3 Nxd4 17. Rd3 Rc5 18. Qxd8 Nxf3+ 19. Rxf3 Bxd8 20. Rd1 b5 21. g3 b4 22. Nd5 a5 23. a3 bxa3 24. bxa3 Rc2 25. h4 h5 26. Rdd3 Re8 27. Ne3 Rc1+ 28. Kg2 g6 29. Rd7 Rf8 30. Nd5 Kg7 31. Nf4 Rc6 32. Rb3 Bc7 33. Nd5 Rd6 34. Rxc7 Rxd5 35. Ra7 Rc8 36. Rf3 Rf8 37. Rf4 Re5 38. Ra4 Rc8 39. Rf4 Rf8 40. Ra4 Rc8 41. R7xa5 Rxa5 42. Rxa5 Rc3 43. Ra6 Rb3 44. Kf1 Rc3 45. Ke2 Rc2+ 46. Ke3 Kf8 47. Ra4 Ra2 48. f3 Ke7 49. Re4+ Kd6 50. a4 f6 51. Kf4 Ra3 52. Rb4 Kc5 53. Rb5+ Kd6 54. Rb6+ Ke7 55. Ra6 Kf7 56. Ra7+ Ke6 57. g4 hxg4 58. Kxg4 Ra1 59. a5 Rg1+ 60. Kf4 Rh1 61. Kg3 Rg1+ 62. Kh2 Rf1 63. Kg2 Ra1 64. a6 Kf5 65. Kg3 Ra2 66. Ra8 Ra1 67. Kf2 Ra3 68. Ke2 Kf4 69. a7 f5 70. Rg8 Ra2+ 71. Kd3 Rxa7 72. Rxg6 Kxf3 73. Rf6 Rd7+ 74. Kc4 f4 75. h5 Ke3 76. Re6+ Kf2 77. h6 f3 78. Kc3 Kf1 79. Kc4 f2 80. Kc3 Rf7 81. Kd2 Kg2 82. Rg6+ Kh1 1/2-1/2

[Event "Oberliga Baden 0809"]
[Site "Germany"]
[Date "2008.11.30"]
[Round "3.3"]
[White "Pfrommer, Christoph"]
[Black "Perez, Jose"]
[Result "0-1"]
[WhiteElo "2355"]
[BlackElo "2176"]
[PlyCount "50"]
[EventDate "2008.10.05"]
[EventType "team-tourn"]
[EventRounds "9"]
[EventCountry "GER"]
[SourceTitle "EXT 2010"]
[Source "ChessBase"]
[SourceDate "2010.11.25"]
[SourceVersion "1"]
[SourceVersionDate "2010.11.25"]
[SourceQuality "1"]
[WhiteTeam "Karlsruhe"]
[BlackTeam "Horben"]
[WhiteTeamCountry "GER"]
[BlackTeamCountry "GER"]

1. e4 c5 2. Nf3 d6 3. d4 cxd4 4. Nxd4 Nf6 5. Nc3 a6 6. Bc4 e6 7. Bb3 Be7 8. g4 Nc6 9. g5 Nd7 10. Bxe6 fxe6 11. Nxe6 Qa5 12. Nxg7+ Kf7 13. Nf5 Nde5 14. Qh5+ Ng6 15. Nh6+ Kg7 16. Bd2 Rf8 17. 0-0-0 Be6 18. Ne2 Qxa2 19. Bc3+ Nce5 20. Nf5+ Bxf5 21. exf5 Rxf5 22. f4 Rc8 23. Ng3 Rxf4 24. Qh3 Rf2 25. Nh5+ Kf7 0-1

[Event "Oberliga Baden 0708"]
[Site "Germany"]
[Date "2008.01.20"]
[Round "5.5"]
[White "Nekrasov, Mihail"]
[Black "Perez, Jose"]
[Result "1-0"]
[WhiteElo "2388"]
[BlackElo "2194"]
[PlyCount "21"]
[EventDate "2007.10.21"]
[EventType "team-tourn"]
[EventRounds "9"]
[EventCountry "GER"]
[SourceTitle "EXT 2009"]
[Source "ChessBase"]
[SourceDate "2008.11.26"]
[SourceVersion "1"]
[SourceVersionDate "2008.11.26"]
[SourceQuality "1"]
[WhiteTeam "Hockenheim"]
[BlackTeam "Horben"]
[WhiteTeamCountry "GER"]
[BlackTeamCountry "GER"]

1. e4 c5 2. Nf3 d6 3. d4 cxd4 4. Nxd4 Nf6 5. Nc3 a6 6. f4 b5 7. e5 b4 8. Qf3 Ra7 9. Ncb5 Bg4 10. Qg3 dxe5 11. fxe5 1-0

[Event "Verbandsliga Sued Baden 0506"]
[Site "Germany"]
[Date "2006.04.09"]
[Round "8.3"]
[White "Perez, Jose"]
[Black "Herbrechtsmeier, Christof"]
[Result "1-0"]
[WhiteElo "2207"]
[BlackElo "2291"]
[PlyCount "59"]
[EventDate "2005.10.16"]
[EventType "team"]
[EventRounds "9"]
[EventCountry "GER"]
[SourceTitle "EXT 2007"]
[Source "ChessBase"]
[SourceDate "2006.11.23"]
[SourceVersion "1"]
[SourceVersionDate "2006.11.23"]
[SourceQuality "1"]
[WhiteTeam "Horben"]
[BlackTeam "Zaehringen"]
[WhiteTeamCountry "GER"]
[BlackTeamCountry "GER"]

1. d4 Nf6 2. c4 g6 3. Nc3 d5 4. cxd5 Nxd5 5. e4 Nxc3 6. bxc3 Bg7 7. Bc4 Qd7 8. Ne2 b6 9. Be3 Ba6 10. Bxa6 Nxa6 11. 0-0 c5 12. Qd2 cxd4 13. cxd4 0-0 14. Bh6 Rac8 15. Bxg7 Kxg7 16. f4 f5 17. Ng3 Rc4 18. Rad1 Rd8 19. exf5 Rxd4 20. Qb2 Kh6 21. Rde1 Nc5 22. fxg6 Nd3 23. Qe2 hxg6 24. f5 Nxe1 25. fxg6 Rg4 26. Qxe1 Rxg6 27. Nf5+ Kh7 28. Qh4+ Kg8 29. Nxe7+ Kg7 30. Nxg6 1-0

[Event "Verbandsliga Sued Baden 0506"]
[Site "Germany"]
[Date "2005.12.18"]
[Round "4.5"]
[White "Perez, Jose"]
[Black "Eichler, Robert"]
[Result "1-0"]
[WhiteElo "2207"]
[BlackElo "1970"]
[PlyCount "59"]
[EventDate "2005.10.16"]
[EventType "team"]
[EventRounds "9"]
[EventCountry "GER"]
[SourceTitle "EXT 2007"]
[Source "ChessBase"]
[SourceDate "2006.11.23"]
[SourceVersion "1"]
[SourceVersionDate "2006.11.23"]
[SourceQuality "1"]
[WhiteTeam "Horben"]
[BlackTeam "Engen"]
[WhiteTeamCountry "GER"]
[BlackTeamCountry "GER"]

1. d4 Nf6 2. c4 e5 3. dxe5 Ng4 4. Bf4 Nc6 5. Nf3 Bb4+ 6. Nc3 Qe7 7. Qd5 f6 8. exf6 Bxc3+ 9. bxc3 Nxf6 10. Qd3 d6 11. e3 0-0 12. Be2 Ng4 13. Nd4 Nce5 14. Qd1 Nxf2 15. Kxf2 g5 16. g3 gxf4 17. exf4 Bh3 18. Re1 Qg7 19. Bf3 Nxf3 20. Qxf3 Rae8 21. Qxb7 Kh8 22. Rab1 Qh6 23. Qf3 Rxe1 24. Rxe1 Rb8 25. Kg1 Rb2 26. Qa8+ Kg7 27. Re7+ Kf6 28. Qd8 Rg2+ 29. Kh1 Rxh2+ 30. Kxh2 1-0

[Event "Verbandsliga Sued Baden 0405"]
[Site "Germany"]
[Date "2005.01.23"]
[Round "6.1"]
[White "Perez, Jose"]
[Black "Starostits, Ilmars"]
[Result "0-1"]
[WhiteElo "2279"]
[BlackElo "2469"]
[PlyCount "88"]
[EventDate "2004.10.10"]
[EventType "team"]
[EventRounds "9"]
[EventCountry "GER"]
[SourceTitle "EXT 2007"]
[Source "ChessBase"]
[SourceDate "2006.11.23"]
[SourceVersion "1"]
[SourceVersionDate "2006.11.23"]
[SourceQuality "1"]
[WhiteTeam "Horben"]
[BlackTeam "Kehl"]
[WhiteTeamCountry "GER"]
[BlackTeamCountry "GER"]

1. d4 d5 2. c4 e6 3. Nc3 Nf6 4. cxd5 exd5 5. Bg5 c6 6. Qc2 Be7 7. e3 Bg4 8. Bd3 Nbd7 9. Nge2 0-0 10. 0-0 Ne4 11. Bxe4 Bxg5 12. Bxh7+ Kh8 13. Bf5 Bxf5 14. Qxf5 g6 15. Qd3 f5 16. f4 Bh4 17. Rf3 Qe7 18. Raf1 Rae8 19. Nc1 Kg7 20. Qc2 Qe6 21. Nd3 Bd8 22. Ne5 Nxe5 23. fxe5 c5 24. Ne2 cxd4 25. exd4 Bb6 26. Kh1 Qc6 27. Qd2 Qa4 28. Rg3 Qa6 29. Rf2 Qxa2 30. h3 Rxe5 31. Nf4 Qb1+ 32. Kh2 Re1 33. Rxg6+ Kh7 34. Re2 Rh1+ 35. Kg3 Rf7 36. Qe3 Qe4 37. Qd2 Qxd4 38. Qxd4 Bxd4 39. Rd6 Bc5 40. Rxd5 Rg7+ 41. Kh4 Be7+ 42. Kh5 Rg5+ 43. Kh4 Rg4+ 44. Kh5 Rh4# 0-1

[Event "Verbandsliga Sued Baden 0405"]
[Site "Germany"]
[Date "2004.12.05"]
[Round "4.2"]
[White "Ketterer, Christian"]
[Black "Perez, Jose"]
[Result "1/2-1/2"]
[WhiteElo "2271"]
[BlackElo "2279"]
[PlyCount "66"]
[EventDate "2004.10.10"]
[EventType "team"]
[EventRounds "9"]
[EventCountry "GER"]
[SourceTitle "EXT 2007"]
[Source "ChessBase"]
[SourceDate "2006.11.23"]
[SourceVersion "1"]
[SourceVersionDate "2006.11.23"]
[SourceQuality "1"]
[WhiteTeam "Donaueschingen"]
[BlackTeam "Horben"]
[WhiteTeamCountry "GER"]
[BlackTeamCountry "GER"]

1. e4 c5 2. Nf3 d6 3. d4 cxd4 4. Nxd4 Nf6 5. Nc3 e6 6. Be2 Be7 7. 0-0 0-0 8. Be3 Nc6 9. f4 Qc7 10. Kh1 a6 11. Bf3 Nxd4 12. Qxd4 Nd7 13. Rad1 b5 14. a3 Rd8 15. Qd2 Bb7 16. Qf2 Bf6 17. Bd4 e5 18. Be3 exf4 19. Bxf4 Be5 20. Be2 Bxf4 21. Qxf4 Ne5 22. Bd3 Re8 23. Bxb5 axb5 24. Nxb5 Qb6 25. Nxd6 Re7 26. b4 Ba6 27. Nf5 Re6 28. Qg3 g6 29. Rfe1 Bc4 30. h3 Ree8 31. Nd6 Re6 32. Nf5 Ree8 33. Nd6 Re6 1/2-1/2

[Event "Canarias en Red final"]
[Site "Playchess.com INT"]
[Date "2004.05.09"]
[Round "4"]
[White "Zarnicki, Pablo Adrian"]
[Black "Perez, Jose"]
[Result "1-0"]
[WhiteElo "2513"]
[BlackElo "2203"]
[PlyCount "59"]
[EventDate "2004.05.09"]
[EventType "swiss (blitz)"]
[EventRounds "13"]
[EventCountry "GER"]
[SourceTitle "EXT 2005"]
[Source "ChessBase"]
[SourceDate "2004.11.15"]
[SourceVersion "1"]
[SourceVersionDate "2004.11.15"]
[SourceQuality "1"]

1. e4 c5 2. Nf3 d6 3. Bb5+ Bd7 4. Bxd7+ Qxd7 5. c4 g6 6. d4 cxd4 7. Nxd4 Bg7 8. Nc3 Nf6 9. 0-0 0-0 10. f3 Rc8 11. b3 d5 12. e5 dxc4 13. exf6 Bxf6 14. Be3 cxb3 15. Ne4 Bg7 16. axb3 Nc6 17. Nxc6 Qxc6 18. Rc1 Qb5 19. Rxc8+ Rxc8 20. Qb1 b6 21. Rc1 Rd8 22. Rd1 Rc8 23. Nf2 f5 24. Qd3 Qb4 25. g3 Bf6 26. Kg2 Kg7 27. Bd4 e5 28. Bxe5 Rf8 29. Bd6 Rf7 30. Bxb4 1-0